Cost accounting: principles and practice/
Guardado en:
| Autor principal: | |
|---|---|
| Formato: | Libro |
| Publicado: |
New Delhi:
Sultan Chand &Sons,
c2000.
|
| Materias: | |
| Etiquetas: |
Agregar Etiqueta
Sin Etiquetas, Sea el primero en etiquetar este registro!
|
MARC
| LEADER | 00000nam a22000007a 4500 | ||
|---|---|---|---|
| 005 | 20251007140635.0 | ||
| 020 | |a 8170147832 |c TZS 23,215/= | ||
| 020 | |a 9788170147831 | ||
| 040 | |a MCCL |b eng. |e AACR 2nd rev. ed. | ||
| 082 | |a 657.42 IYE | ||
| 100 | |a Iyengar, S. P. | ||
| 245 | |a Cost accounting: |b principles and practice/ |c S. P. Iyengar | ||
| 260 | |a New Delhi: |b Sultan Chand &Sons, |c c2000. | ||
| 300 | |a xiv (varying paging's).: |b ill.; |c 25 cm. | ||
| 546 | |a eng. | ||
| 650 | |a Cost accounting | ||
| 700 | |a Iyengar, S. P. | ||
| 942 | |c BK | ||
| 999 | |c 12242 |d 12242 | ||